000 00588cam a2200193 4500500
005 20260329003732.0
041 _afre
042 _adc
100 1 0 _ade Oliveira, Victorine
_eauthor
245 0 0 _a7 conceptions de la dignité humaine
260 _c2016.
500 _a12
690 _aBlaise Pascal
690 _aCicéron
690 _aMartha Nussbaum
690 _aPeter Singer
786 0 _nPhilosophie magazine | 102 | 9 | 2016-09-01 | p. 45-45 | 1951-1787
856 4 1 _uhttps://shs.cairn.info/magazine-philosophie-magazine-2016-9-page-45?lang=fr&redirect-ssocas=7080
999 _c1827199
_d1827199